Economic growth and resources, v3- natural resources; proceedings the 5th world congresses of the international economic association held in Tokyo, Japan (Record no. 216099)

MARC details
000 -LEADER
fixed length control field 00483nam a2200145Ia 4500
008 - FIXED-LENGTH DATA ELEMENTS--GENERAL INFORMATION
fixed length control field 230917s9999||||xx |||||||||||||| ||und||
040 ## - CATALOGING SOURCE
-- 66034
Original cataloging agency VIVEKANANDA LIBRARY
041 ## - Language
-- English
082 ## - DDC NUMBER
Classification number 330.9 I8E
100 ## - MAIN ENTRY--PERSONAL NAME
Personal name Bliss, Christopher, ed
245 #0 - TITLE STATEMENT
Title Economic growth and resources, v3- natural resources; proceedings the 5th world congresses of the international economic association held in Tokyo, Japan
260 ## - PUBLICATION, DISTRIBUTION, ETC. (IMPRINT)
Place of publication, distribution, etc London
Name of publisher, distributor, etc Macmillan
Date of publication, distribution, etc 1980
300 ## - PHYSICAL DESCRIPTION
Pages xv, 210 p.
942 ## - ADDED ENTRY ELEMENTS (KOHA)
Koha item type Books
Holdings
Withdrawn status Lost status Damaged status Not for loan Location (home branch) Sublocation or collection (holding branch) Date acquired Koha issues (times borrowed) Koha full call number Accession No. Koha date last seen Koha item type
        VIVEKANANDA LIBRARY VIVEKANANDA LIBRARY 16/01/2003   330.9 I8E 80200 17/09/2023 Books
© Designed and Maintained by Vivekananda Library, MDU Rohtak